000
00263nam a22001217a 4500
020
_a
NA
082
_2
22
_a
658.05
100
_a
Verdhuizen, Bert.
245
_a
Tutor guide 01 /
260
_a
NA
_b
NA
_c
c2000.
300
_a
108 p. ;
_b
ill. ;
_c
24 cm.
942
_2
ddc
_c
MAG
999
_c
2895
_d
2895